| 000 | 00370nam a22001457a 4500 | ||
|---|---|---|---|
| 005 | 20230713160104.0 | ||
| 008 | 230713b ||||| |||| 00| 0 eng d | ||
| 040 | _cAL | ||
| 041 | _aeng | ||
| 082 |
_223 _a658.3 _bVARP |
||
| 100 |
_aVarma M M _9126792 |
||
| 245 | _aPersonnel Management and Industrial Relations | ||
| 260 |
_aDelhi _bKing Books _c2000 |
||
| 942 |
_2ddc _cBK |
||
| 999 |
_c227852 _d227852 |
||